Lei anticorrupção comentada / (Record no. 364)

MARC details
000 -LÍDER
Campo Fixo de Controle 00856nam a2200277 a 4500
001 - NÚMERO DE CONTROLE
Campo de Controle 364
003 - IDENTIFICAÇÃO DO NÚMERO DE CONTROLE
Campo de Controle BR-CuiBMT
005 - DATA E HORA DA ÚLTIMA ATUALIZAÇÃO
Campo de Controle 20231101233506.0
008 - DADOS FIXOS
Dados Fixos 230818s2018 mgba 000 0 por d
020 ## - INTERNATIONAL STANDARD BOOK NUMBER
Nº do ISBN 9788545005759
040 ## - AGÊNCIA CATALOGADORA
Código da Agência Catalogadora BR-CuiBMT
Agência que transcreveu o registro BR-CuiBMT
080 ## - Nº DA CLASSIFICAÇÃO DECIMAL UNIVERSAL
Nº edição CDU 2007
Nº Class. CDU 343.352
090 ## - NÚMERO DE CHAMADA
Nº classificação 343.352
Cutter L525
Ano/Edição 2. ed.
245 1# - TÍTULO PRINCIPAL
Título principal Lei anticorrupção comentada /
Indicação de responsabilidade Maria Sylvia Zanella Di Pietro, Thiago Marrara coordenadores.
250 ## - EDIÇÃO
Edição 2. ed.
260 ## - PUBLICAÇÃO, DISTRIBUIÇÃO, ETC.
Local de publicação Belo Horizonte :
Editora Fórum,
Data 2018.
300 ## - DESCRIÇÃO FÍSICA
N. páginas ou volumes 139 p. :
Ilustrações il. ;
Dimensões 24 cm
504 ## - NOTA DE BIBLIOGRAFIA, ETC.
Nota de bibliografia Inclui bibliografia.
650 ## - ASSUNTO TÓPICO
Cabeçalho tópico ou nome geográfico Corrupção administrativa
Subdivisão geográfica Brasil
650 ## - ASSUNTO TÓPICO
Cabeçalho tópico ou nome geográfico Direito constitucional
650 ## - ASSUNTO TÓPICO
Cabeçalho tópico ou nome geográfico Direito público
650 ## - ASSUNTO TÓPICO
Cabeçalho tópico ou nome geográfico Combate à corrupção
700 1# - ENTRADA SECUNDÁRIA -- NOME PESSOAL
Nome pessoal Di Pietro, Maria Sylvia Zanella
Termo de relação coord.
700 1# - ENTRADA SECUNDÁRIA -- NOME PESSOAL
Nome pessoal Marrara, Thiago,
Datas associadas ao nome 1980-
Termo de relação coord.
942 ## - ELEMENTOS DE ENTRADA ADICIONAIS (KOHA)
Fonte de classificação ou esquema de arquivamento Classificação Decimal Universal
Tipo de item do Koha Livros
Holdings
Estado: removido Estado: perdido Fonte de classificação ou esquema de arquivamento Estado: danificado Indisponível para empréstimo Localização permanente Localização atual Data de aquisição Total Checkouts Número de Chamada completo Código de barras Date last seen Número do exemplar Preço efetivo a partir de Tipo de item (Koha)
    Classificação Decimal Universal     Biblioteca da Escola Superior de Contas do TCE/MT Biblioteca da Escola Superior de Contas do TCE/MT 08/08/2019   343.352 L525 2. ed. BIBTCEMT23110057 01/11/2023 Ex. 1 01/11/2023 Livros
    Classificação Decimal Universal     Biblioteca da Escola Superior de Contas do TCE/MT Biblioteca da Escola Superior de Contas do TCE/MT 08/08/2019   343.352 L525 2. ed. BIBTCEMT23110058 01/11/2023 Ex. 2 01/11/2023 Livros

Powered by Koha